<?xml version="1.0" encoding="UTF-8"?>
<record
    xmlns:xsi="http://www.w3.org/2001/XMLSchema-instance"
    xsi:schemaLocation="http://www.loc.gov/MARC21/slim http://www.loc.gov/standards/marcxml/schema/MARC21slim.xsd"
    xmlns="http://www.loc.gov/MARC21/slim">

  <leader>00890nab a2200241uuc4500</leader>
  <controlfield tag="001">968292</controlfield>
  <controlfield tag="005">20250225163744.0</controlfield>
  <controlfield tag="008">060324e20050401                    por  </controlfield>
  <datafield tag="035" ind1=" " ind2=" ">
    <subfield code="a">968292</subfield>
  </datafield>
  <datafield tag="035" ind1=" " ind2=" ">
    <subfield code="a">(OCoLC)820346471</subfield>
  </datafield>
  <datafield tag="040" ind1=" " ind2=" ">
    <subfield code="c">comduadb</subfield>
  </datafield>
  <datafield tag="041" ind1=" " ind2=" ">
    <subfield code="a">por</subfield>
  </datafield>
  <datafield tag="100" ind1="1" ind2="0">
    <subfield code="a">Correia, Francis Wagner Silva</subfield>
    <subfield code="4">aut</subfield>
    <subfield code="e">aut</subfield>
    <subfield code="9">415262</subfield>
  </datafield>
  <datafield tag="245" ind1="1" ind2="0">
    <subfield code="a">Calibracao do "simplified simple biosphere model - SSiB" para areas de pastagem e floresta na Amazonia com dados do LBA</subfield>
  </datafield>
  <datafield tag="650" ind1=" " ind2=" ">
    <subfield code="a">Calor latente</subfield>
    <subfield code="9">60097</subfield>
  </datafield>
  <datafield tag="650" ind1=" " ind2=" ">
    <subfield code="a">Flujo de calor</subfield>
    <subfield code="9">107009</subfield>
  </datafield>
  <datafield tag="650" ind1=" " ind2="7">
    <subfield code="a">Radiaci&#xF3;n</subfield>
    <subfield code="2">lemb</subfield>
    <subfield code="9">854</subfield>
  </datafield>
  <datafield tag="650" ind1=" " ind2=" ">
    <subfield code="a">Amazonia brasile&#xF1;a</subfield>
    <subfield code="9">36493</subfield>
  </datafield>
  <datafield tag="650" ind1=" " ind2=" ">
    <subfield code="a">Calor sensible</subfield>
    <subfield code="9">60098</subfield>
  </datafield>
  <datafield tag="700" ind1="1" ind2="0">
    <subfield code="a">Alvala, Regina Celia dos Santos</subfield>
    <subfield code="4">aut</subfield>
    <subfield code="e">aut</subfield>
    <subfield code="9">536895</subfield>
  </datafield>
  <datafield tag="773" ind1="0" ind2=" ">
    <subfield code="t">Acta Amazonica (Manaus)</subfield>
    <subfield code="g">Volumen 35, N&#xFA;mero 02, Abril-Junio 2005, p. 273-288</subfield>
    <subfield code="w">(CO-MdUADB)198142</subfield>
    <subfield code="x">0044-5967</subfield>
    <subfield code="0">88128</subfield>
    <subfield code="9">660272</subfield>
    <subfield code="o">0586864</subfield>
  </datafield>
  <datafield tag="942" ind1=" " ind2=" ">
    <subfield code="c">ARIMP</subfield>
  </datafield>
  <datafield tag="999" ind1=" " ind2=" ">
    <subfield code="c">381259</subfield>
    <subfield code="d">381259</subfield>
  </datafield>
</record>
